000 00570nam a22001577a 4500
003 OSt
005 20150914092204.0
008 150914b xxu||||| |||| 00| 0 eng d
040 _cRUA
082 _aAGR KAN 2000 B022 Or.1
100 _9428
_aKANN, KHOM.
245 _aសមាគមសន្សំ និង​ ឥទានទានក្នុងស្រុកសំរោងទង ខេត្តកំពង់ស្ពឺ (saving and credit association in somrongtong district)
260 _aPhnom Penh
_bRUA
_c2000
300 _a32p.
_bill.
_c29cm.
942 _2ddc
_cAGR
999 _c407
_d407